Byzantine history /

Bibliographic Details
Main Author: Christophilopoulou, Aikaterinē
Format: Book
Language:English
Published: Amsterdam : A.M. Hakkert, 1986-
Subjects:

MARC

Tag First Indicator Second Indicator Subfields
LEADER 00000cam a2200000 a 4500
001 in00000010805
005 20151007051925.0
008 870513m19869999ne ab b 00110 eng
010 |a  87140821  
020 |a 9025608361 (pbk.) :  |c fl 169.60 
035 |a (OCoLC)16752815 
035 |9 AAA5466AM 
040 |a DLC  |c DLC  |d TXA  |d UtOrBLW 
041 0 |a eng  |h gre 
043 |a mm----- 
049 |a TXAM  |v 1 [A11029755] 
050 0 0 |a DF552  |b .C53 1986 
082 0 |a 949.5  |2 19 
100 1 |a Christophilopoulou, Aikaterinē. 
245 1 0 |a Byzantine history /  |c Aikaterina Christophilopoulou ; translated by W.W. Phelps. 
264 1 |a Amsterdam :  |b A.M. Hakkert,  |c 1986- 
300 |a volumes :  |b illustrations, maps ;  |c 24 cm. 
336 |a text  |b txt  |2 rdacontent 
337 |a unmediated  |b n  |2 rdamedia 
338 |a volume  |b nc  |2 rdacarrier 
504 |a Includes bibliographical references and index. 
505 1 |a [v.1]. 324-610. 
651 0 |a Byzantine Empire  |x History. 
999 |a MARS 
999 f f |s 786ad306-db38-3f23-9a2d-20e8f3ba948e  |i e41ae079-80bc-39c4-9de1-a8ebf7ee360b  |t 0 
952 f f |p normal  |a Texas A&M University  |b College Station  |c Sterling C. Evans Library  |d Evans: Library Stacks  |t 0  |e DF552 .C53 1986  |h Library of Congress classification  |i unmediated -- volume  |k v.1  |m A14811029755 
998 f f |a DF552 .C53 1986  |s v.1  |t 0  |l Evans: Library Stacks